Loading...
| Science - Biology | 0 | 2 | 0 | 2 | 20 | 105 | 121.00 | 0 | 0 | 0.51 | 4.55 |
| Religion | 0 | 2 | 0 | 1 | 20 | 140 | 141.50 | 0 | 2 | -0.06 | 4.55 |
| Science - Other | 0 | 2 | 0 | 1 | 20 | 62 | 89.00 | 0 | 1 | 4.81 | 9.09 |
| Literature - World | 0 | 1 | 0 | 0 | 10 | 120 | 120.00 | 0 | 0 | 0.00 | 1.52 |
| Philosophy | 0 | 1 | 0 | 0 | 10 | 125 | 125.00 | 0 | 1 | -0.22 | 4.55 |
| Fine Arts - Classical Music | 0 | 1 | 0 | 0 | 10 | 125 | 125.00 | 0 | 0 | 0.00 | 1.52 |
| Fine Arts - Other | 0 | 1 | 0 | 0 | 10 | 97 | 97.00 | 0 | 1 | 2.84 | 6.06 |
| History - Other | 0 | 1 | 0 | 0 | 10 | 103 | 103.00 | 0 | 1 | 1.89 | 4.55 |
| Mythology | 0 | 0 | 0 | 0 | 0 | 0.00 | 0 | 0 | 0.00 | 0.00 | |
| Fine Arts - Painting and Sculpture | 0 | 0 | 0 | 0 | 0 | 0.00 | 0 | 0 | 0.00 | 0.00 | |
| Social Science | 0 | 0 | 0 | 0 | 0 | 0.00 | 0 | 0 | 0.00 | 0.00 | |
| Geography | 0 | 0 | 1 | 0 | -5 | 0.00 | 0 | 0 | 0.00 | 0.00 | |
| Science - Chemistry | 0 | 0 | 1 | 0 | -5 | 0.00 | 0 | 0 | 0.00 | 0.00 | |
| Science - Physics | 0 | 0 | 1 | 0 | -5 | 0.00 | 0 | 0 | 0.00 | 0.00 |